Football: Retrouvez les pays contre lesquels l'équipe de France a obtenu ses plus larges défaites (au moins 5 buts d'écart) - Statistiques

Statistiques générales
  • Ce quiz a été pris 233 fois
  • Le résultat moyen est 20 sur 22
Statistiques - réponses
Réponse % Correct
Angleterre
97%
Angleterre
97%
Angleterre
97%
Angleterre
97%
Angleterre
97%
Angleterre
97%
Angleterre
97%
Italie
95%
Italie
95%
Italie
95%
Belgique
94%
Belgique
94%
Belgique
94%
Belgique
94%
Espagne
92%
Pays-bas
88%
Pays-bas
88%
Pays-bas
88%
Hongrie
81%
Norvège
76%
Danemark
56%
Danemark
56%
Aucun quiz correspondant
Distribution des résultats
% des personnes avec chaque résultat
Percentile par nombre de réponses
Votre historique - résultats
Vous n’avez pas pris ce quiz